00818nam a2200169 a 450000100100000000500170001000800410002704000250006808200150009310000380010824500990014626000360024530000270028149000520030850002350036083000530059500003122820240305082246.0110615s1984 dr a 000 | spa d aDO-SdBNPbspacBNPHU axxxbP438p1 aPérez Memén, Fernando,d1943-13aLa política religiosa de Toussaint L'Ouverture en Santo Domingo /cFernando Pérez Memén. aSanto Domingo :bTaller,c1984. a26 p. :bil. ;c23 cm.1 aCiclo de conferencias pensamiento dominicanov6 aPonencia presentada por el Dr. Fernando A. Pérez Memén en el Primer Congreso de Historiadores Dominicanos, organizado por el Museo Nacional de Historia y Geografía, Museo de las Casas Reales y Fundación García Arévalo. 0aCiclo de conferencias pensamiento dominicano;n6